Tulane Football: Top 10 All-Time Leaders - Statistics

General Stats
  • This quiz has been taken 5 times
  • The average score is 19 of 61
Answer Stats
Category # Player Amount % Correct
Rushing Yards 5 Tyjae Spears 2,910
100%
Receiving Yards 6 Darnell Mooney 2,572
75%
Rushing Yards 2 Matt Forte 4,265
75%
Passing Yards 1 Michael Pratt 9,602
75%
Passing Yards 9 Deron Smith 4,910
50%
Passing Yards 6 J.P. Losman 6,754
50%
Rushing Yards 6 Makhi Hughes 2,779
50%
Sacks 1 Patrick Johnson 24.5
50%
Passing Yards 2 Patrick Ramsey 9,205
50%
Receiving Yards 8 Adrian Burnette 2,459
25%
Tackles 4 Anthony Cannon 437
25%
Sacks T10 Antonio Harris 14.0
25%
Interceptions T8 Bobby Jones 10
25%
Sacks 8 Brian Douglas 15.0
25%
Tackles 8 Brian Williams 367
25%
Tackles 1 Burnell Dent 492
25%
Rushing Yards 10 Chance Miller 2,023
25%
Rushing Yards 9 Darius Bradwell 2,062
25%
Sacks 5 Darius Hodges 18.5
25%
Interceptions 7 David Skehan 11
25%
Sacks 7 Dezman Moses 15.5
25%
Rushing Yards 4 Dontrell Hilliard 2,948
25%
Interceptions T5 Don Zimmerman 12
25%
Interceptions T5 Ellsworth Kingery 12
25%
Sacks 3 Floyd Dorsey 21.5
25%
Tackles 3 Frank Robinson 442
25%
Interceptions T8 Homer Dedeaux 10
25%
Receiving Yards 3 JaJuan Dawson 3,048
25%
Rushing Yards 7 Jamaican Dartez 2,284
25%
Receiving Yards 4 Jeremy Williams 2,807
25%
Tackles 10 Jerry Phillips 344
25%
Sacks 9 Julius Warmsley 14.5
25%
Passing Yards 10 Justin McMillan 3,738
25%
Sacks 2 Kenan Blackmon 22.5
25%
Passing Yards 7 Lester Ricard 6,608
25%
Sacks T10 Logan Kelley 14.0
25%
Interceptions 2 Lorenzo Doss 15
25%
Interceptions T8 Lou Thomas 10
25%
Interceptions 3 Lynaris Elpheage 14
25%
Receiving Yards 1 Marc Zeno 3,725
25%
Sacks 6 Mark Olivari 16.0
25%
Tackles 6 Marty Wetzel 392
25%
Rushing Yards 8 Marv Christian 2,152
25%
Rushing Yards 1 Mewelde Moore 4,364
25%
Tackles 2 Mike Staid 481
25%
Interceptions 4 Mitchell Price 13
25%
Rushing Yards 3 Orleans Darkwa 2,953
25%
Interceptions 1 Paul Ellis 18
25%
Receiving Yards 9 P.J. Franklin 2,260
25%
Tackles 7 Ray Hester 369
25%
Tackles 9 Rick Kingrea 351
25%
Passing Yards 8 Roch Hontas 5,669
25%
Sacks 4 Royce LaFrance 20.0
25%
Receiving Yards 2 Roydell Williams 3,207
25%
Receiving Yards 5 Ryan Grant 2,769
25%
Passing Yards 3 Ryan Griffin 9,026
25%
Passing Yards 4 Shaun King 8,419
25%
Passing Yards 5 Terrence Jones 7,684
25%
Receiving Yards 10 Terren Encalade 2,235
25%
Tackles 5 Wilfred Simon 413
25%
Receiving Yards 7 Wil Ursin 2,466
25%
No matching quizzes found
Score Distribution
Percent of People with Each Score
Percentile by Number Answered
Your Score History
You have not taken this quiz